[Event "Poznan Chess Festival"]
[Site "chess24.com"]
[Date "2021.08.21"]
[Round "8"]
[White "Skrzypczak, Jan"]
[Black "Mackiewicz, Piotr"]
[Result "1-0"]
[Board "19"]
[WhiteElo "1192"]
[WhiteCountry "POL"]
[WhiteFideId "21019630"]
[WhiteEloChange "18"]
[BlackElo "1771"]
[BlackCountry "POL"]
[BlackFideId "1139657"]
[BlackEloChange "-18"]

1. e4 {[%clk 1:30:59]} c6 {[%clk 1:30:49]} 2. d4 {[%clk 1:31:21]} d5 {[%clk
1:31:18]} 3. Nc3 {[%clk 1:31:44]} dxe4 {[%clk 1:31:41]} 4. Nxe4 {[%clk 1:32:05]}
Nf6 {[%clk 1:32:10]} 5. Nxf6+ {[%clk 1:32:33]} exf6 {[%clk 1:32:32]} 6. c3 {[%clk
1:32:43]} Bd6 {[%clk 1:32:57]} 7. Bd2 {[%clk 1:32:19]} Be6 {[%clk 1:33:24]} 8.
Nf3 {[%clk 1:31:41]} O-O {[%clk 1:33:18]} 9. Qc2 {[%clk 1:31:01]} Qc7 {[%clk
1:33:28]} 10. Bd3 {[%clk 1:30:37]} g6 {[%clk 1:33:02]} 11. c4 {[%clk 1:23:43]}
Bf4 {[%clk 1:31:11]} 12. O-O-O {[%clk 1:22:07]} Nd7 {[%clk 1:26:36]} 13. h4
{[%clk 1:20:29]} Bg4 {[%clk 1:24:13]} 14. h5 {[%clk 1:13:54]} Kg7 {[%clk
1:18:23]} 15. Rh4 {[%clk 1:09:40]} f5 {[%clk 1:17:11]} 16. Rdh1 {[%clk 1:02:28]}
Rh8 {[%clk 1:17:20]} 17. h6+ {[%clk 0:57:38]} Kf8 {[%clk 1:13:35]} 18. Ng5 {[%clk
0:55:07]} Nf6 {[%clk 1:11:44]} 19. g3 {[%clk 0:49:08]} Bxd2+ {[%clk 1:09:10]} 20.
Qxd2 {[%clk 0:48:54]} Qd6 {[%clk 1:07:10]} 21. Bc2 {[%clk 0:48:00]} Rd8 {[%clk
1:07:09]} 22. f3 {[%clk 0:46:49]} Bh5 {[%clk 1:03:23]} 23. Rg1 {[%clk 0:31:14]}
Ng8 {[%clk 0:51:36]} 24. Rf4 {[%clk 0:22:13]} f6 {[%clk 0:50:14]} 25. Nh3 {[%clk
0:19:49]} g5 {[%clk 0:49:04]} 26. Nxg5 {[%clk 0:18:51]} fxg5 {[%clk 0:49:33]} 27.
Rxf5+ {[%clk 0:19:15]} Ke8 {[%clk 0:47:12]} 28. Qxg5 {[%clk 0:17:13]} Bg6 {[%clk
0:47:06]} 29. c5 {[%clk 0:13:53]} Qc7 {[%clk 0:43:07]} 30. Re1+ {[%clk 0:12:19]}
Kd7 {[%clk 0:42:55]} 31. Rf7+ {[%clk 0:12:18]} Bxf7 {[%clk 0:43:04]} 32. Bf5+
{[%clk 0:12:42]} Be6 {[%clk 0:43:20]} 33. Bxe6+ {[%clk 0:13:03]} Ke8 {[%clk
0:43:44]} 34. Bf7+ {[%clk 0:12:03]} Kd7 {[%clk 0:43:17]} 35. Qf5# {[%clk
0:12:19]} 1-0

[Event "Poznan Chess Festival"]
[Site "chess24.com"]
[Date "2021.08.21"]
[Round "8"]
[White "Hladun, Bartlomiej"]
[Black "Jagodzinski, Olaf"]
[Result "1-0"]
[Board "20"]
[WhiteElo "1639"]
[WhiteCountry "POL"]
[WhiteFideId "21802467"]
[WhiteEloChange "7"]
[BlackElo "1519"]
[BlackCountry "POL"]
[BlackFideId "21002614"]
[BlackEloChange "-7"]

1. Nf3 {[%clk 1:30:55]} Nf6 {[%clk 1:30:48]} 2. d4 {[%clk 1:31:20]} e6 {[%clk
1:31:09]} 3. c4 {[%clk 1:31:40]} d5 {[%clk 1:31:34]} 4. g3 {[%clk 1:32:04]} Bb4+
{[%clk 1:30:51]} 5. Bd2 {[%clk 1:32:32]} Be7 {[%clk 1:31:15]} 6. Bg2 {[%clk
1:32:41]} O-O {[%clk 1:31:38]} 7. O-O {[%clk 1:33:07]} dxc4 {[%clk 1:29:29]} 8.
Qc2 {[%clk 1:29:53]} c5 {[%clk 1:25:31]} 9. dxc5 {[%clk 1:25:20]} Nbd7 {[%clk
1:22:57]} 10. Qxc4 {[%clk 1:23:39]} Nxc5 {[%clk 1:20:56]} 11. Nc3 {[%clk
1:21:40]} Bd7 {[%clk 1:19:00]} 12. b4 {[%clk 1:13:08]} Na6 {[%clk 1:16:38]} 13.
a3 {[%clk 1:12:24]} Rc8 {[%clk 1:15:47]} 14. Qb3 {[%clk 1:11:17]} Bc6 {[%clk
1:00:55]} 15. Rfd1 {[%clk 1:10:03]} Nd5 {[%clk 0:50:51]} 16. Ne5 {[%clk 0:57:48]}
Nxc3 {[%clk 0:39:05]} 17. Bxc3 {[%clk 0:58:05]} Qc7 {[%clk 0:36:09]} 18. Bxc6
{[%clk 0:52:54]} Bd6 {[%clk 0:29:07]} 19. Rxd6 {[%clk 0:45:57]} Qxd6 {[%clk
0:28:16]} 20. Bxb7 {[%clk 0:38:47]} Rc7 {[%clk 0:27:49]} 21. Nc4 {[%clk 0:35:09]}
Qd7 {[%clk 0:22:18]} 22. Bxa6 {[%clk 0:33:00]} Qc6 {[%clk 0:22:42]} 23. Be5
{[%clk 0:31:11]} 1-0

[Event "Poznan Chess Festival"]
[Site "chess24.com"]
[Date "2021.08.21"]
[Round "8"]
[White "Gluszynski, Michal"]
[Black "Dopierala, Adam"]
[Result "1-0"]
[Board "21"]
[WhiteElo "1302"]
[WhiteCountry "POL"]
[WhiteFideId "21858500"]
[WhiteEloChange "17"]
[BlackElo "1582"]
[BlackCountry "POL"]
[BlackFideId "21878960"]
[BlackEloChange "-17"]

1. d4 {[%clk 1:30:11]} d5 {[%clk 1:30:52]} 2. c4 {[%clk 1:30:35]} c6 {[%clk
1:31:15]} 3. Nc3 {[%clk 1:31:01]} Nf6 {[%clk 1:31:06]} 4. Nf3 {[%clk 1:31:24]} e6
{[%clk 1:31:24]} 5. Bg5 {[%clk 1:31:48]} Nbd7 {[%clk 1:28:19]} 6. e3 {[%clk
1:30:59]} Qa5 {[%clk 1:28:08]} 7. Nd2 {[%clk 1:30:15]} dxc4 {[%clk 1:22:22]} 8.
Bxf6 {[%clk 1:28:17]} Nxf6 {[%clk 1:22:48]} 9. Nxc4 {[%clk 1:28:36]} Qg5 {[%clk
1:22:34]} 10. Qf3 {[%clk 1:23:57]} Nd5 {[%clk 1:16:38]} 11. Bd3 {[%clk 1:20:22]}
Bb4 {[%clk 1:11:11]} 12. Rc1 {[%clk 1:19:49]} O-O {[%clk 1:09:54]} 13. O-O {[%clk
1:18:28]} f6 {[%clk 1:01:15]} 14. Qh3 {[%clk 1:02:28]} h5 {[%clk 0:53:28]} 15.
Be2 {[%clk 0:57:33]} b5 {[%clk 0:41:55]} 16. Nd2 {[%clk 0:52:15]} Nxc3 {[%clk
0:39:28]} 17. bxc3 {[%clk 0:52:28]} Ba3 {[%clk 0:39:49]} 18. Rc2 {[%clk 0:48:27]}
g6 {[%clk 0:33:49]} 19. f4 {[%clk 0:36:22]} Qh6 {[%clk 0:25:48]} 20. Bf3 {[%clk
0:30:46]} e5 {[%clk 0:22:28]} 21. Qh4 {[%clk 0:28:41]} Bb7 {[%clk 0:16:24]} 22.
c4 {[%clk 0:26:39]} Rac8 {[%clk 0:05:23]} 23. c5 {[%clk 0:25:48]} exf4 {[%clk
0:04:02]} 24. exf4 {[%clk 0:25:59]} f5 {[%clk 0:04:19]} 25. Bd1 {[%clk 0:14:07]}
Bb4 {[%clk 0:02:59]} 26. Nf3 {[%clk 0:14:21]} Ba5 {[%clk 0:03:24]} 27. Ne5 {[%clk
0:13:57]} Bc7 {[%clk 0:03:15]} 28. Re2 {[%clk 0:12:28]} Qg7 {[%clk 0:03:11]} 29.
Bb3+ {[%clk 0:11:22]} Kh7 {[%clk 0:03:16]} 30. Rfe1 {[%clk 0:10:48]} Bd8 {[%clk
0:03:39]} 31. Qg3 {[%clk 0:10:25]} Rc7 {[%clk 0:02:51]} 32. Nf3 {[%clk 0:10:11]}
a5 {[%clk 0:01:13]} 33. Ng5+ {[%clk 0:08:50]} Bxg5 {[%clk 0:01:13]} 34. Qxg5
{[%clk 0:09:14]} Qxd4+ {[%clk 0:01:54]} 35. Kh1 {[%clk 0:09:36]} Rg8 {[%clk
0:01:33]} 36. Bxg8+ {[%clk 0:09:39]} Kxg8 {[%clk 0:00:41]} 37. Qxg6+ {[%clk
0:09:55]} Rg7 {[%clk 0:00:34]} 38. Re8# {[%clk 0:10:19]} 1-0

[Event "Poznan Chess Festival"]
[Site "chess24.com"]
[Date "2021.08.21"]
[Round "8"]
[White "Pietras, Igor"]
[Black "Rusinski, Mateusz"]
[Result "0-1"]
[Board "25"]
[WhiteElo "1391"]
[WhiteCountry "POL"]
[WhiteFideId "21867186"]
[WhiteEloChange "-2"]
[BlackElo "1798"]
[BlackCountry "POL"]
[BlackFideId "1144251"]
[BlackEloChange "2"]

1. e4 {[%clk 1:30:57]} e5 {[%clk 1:30:55]} 2. Nf3 {[%clk 1:31:17]} Nc6 {[%clk
1:31:16]} 3. d4 {[%clk 1:31:18]} exd4 {[%clk 1:31:37]} 4. Bc4 {[%clk 1:31:43]}
Nf6 {[%clk 1:31:23]} 5. e5 {[%clk 1:31:50]} d5 {[%clk 1:31:47]} 6. Bb5 {[%clk
1:32:16]} Ne4 {[%clk 1:31:58]} 7. Nxd4 {[%clk 1:32:07]} Bd7 {[%clk 1:31:38]} 8.
Bxc6 {[%clk 1:31:24]} bxc6 {[%clk 1:31:45]} 9. O-O {[%clk 1:31:29]} c5 {[%clk
1:31:21]} 10. Nb3 {[%clk 1:25:28]} c6 {[%clk 1:31:08]} 11. f3 {[%clk 1:06:20]}
Ng5 {[%clk 1:31:11]} 12. f4 {[%clk 1:06:30]} Ne4 {[%clk 1:31:08]} 13. N1d2 {[%clk
1:05:57]} Nxd2 {[%clk 1:29:10]} 14. Bxd2 {[%clk 1:05:13]} g6 {[%clk 1:25:51]} 15.
c3 {[%clk 1:03:20]} Rb8 {[%clk 1:23:57]} 16. Nc1 {[%clk 0:49:19]} Qb6 {[%clk
1:17:34]} 17. b3 {[%clk 0:48:24]} c4+ {[%clk 1:17:01]} 18. Kh1 {[%clk 0:48:30]}
cxb3 {[%clk 1:16:10]} 19. axb3 {[%clk 0:48:31]} Bg7 {[%clk 1:13:33]} 20. Qe2
{[%clk 0:46:35]} c5 {[%clk 1:05:14]} 21. Re1 {[%clk 0:33:58]} O-O {[%clk
1:05:12]} 22. Ra6 {[%clk 0:28:50]} Qc7 {[%clk 1:02:07]} 23. Qf3 {[%clk 0:25:15]}
Bc6 {[%clk 0:56:02]} 24. Qe3 {[%clk 0:19:19]} Qb7 {[%clk 0:47:19]} 25. Ra3 {[%clk
0:17:18]} d4 {[%clk 0:44:33]} 26. Qg3 {[%clk 0:17:28]} dxc3 {[%clk 0:43:40]} 27.
Bxc3 {[%clk 0:17:23]} Rfd8 {[%clk 0:41:59]} 28. Nd3 {[%clk 0:16:00]} Bxg2+ {[%clk
0:41:22]} 29. Kg1 {[%clk 0:15:03]} Qb5 {[%clk 0:39:48]} 30. Nf2 {[%clk 0:10:53]}
Bd5 {[%clk 0:37:48]} 31. Rxa7 {[%clk 0:09:51]} Qxb3 {[%clk 0:37:59]} 32. Raa1
{[%clk 0:03:38]} Qc4 {[%clk 0:37:05]} 33. Rac1 {[%clk 0:03:14]} Rb3 {[%clk
0:37:06]} 34. Re3 {[%clk 0:02:17]} Qa4 {[%clk 0:31:59]} 35. f5 {[%clk 0:01:01]}
Bh6 {[%clk 0:29:48]} 36. Qh4 {[%clk 0:00:42]} Qxh4 {[%clk 0:29:48]} 37. Ra1
{[%clk 0:00:30]} 0-1

[Event "Poznan Chess Festival"]
[Site "chess24.com"]
[Date "2021.08.21"]
[Round "8"]
[White "Czyzewski, Leon"]
[Black "Zakrzewska, Joanna"]
[Result "0-1"]
[Board "26"]
[WhiteElo "1086"]
[WhiteCountry "POL"]
[WhiteFideId "21007314"]
[WhiteEloChange "-2"]
[BlackElo "1736"]
[BlackCountry "POL"]
[BlackFideId "1170112"]
[BlackEloChange "2"]

1. d4 {[%clk 1:30:57]} d5 {[%clk 1:30:54]} 2. Nf3 {[%clk 1:31:22]} Nc6 {[%clk
1:30:56]} 3. e3 {[%clk 1:30:49]} Bg4 {[%clk 1:31:00]} 4. h3 {[%clk 1:30:25]} Bh5
{[%clk 1:31:07]} 5. g4 {[%clk 1:30:30]} Bg6 {[%clk 1:31:29]} 6. Bd3 {[%clk
1:30:24]} Nf6 {[%clk 1:30:18]} 7. Bxg6 {[%clk 1:27:25]} hxg6 {[%clk 1:30:36]} 8.
Ng5 {[%clk 1:25:51]} Qd7 {[%clk 1:26:03]} 9. Qf3 {[%clk 1:19:36]} e5 {[%clk
1:25:08]} 10. c3 {[%clk 1:09:21]} O-O-O {[%clk 1:17:40]} 11. Na3 {[%clk 1:06:25]}
Re8 {[%clk 1:12:29]} 12. Nc2 {[%clk 1:03:25]} Bd6 {[%clk 1:02:52]} 13. Bd2 {[%clk
1:02:12]} e4 {[%clk 1:02:47]} 14. Qg2 {[%clk 1:00:01]} Ng8 {[%clk 1:02:13]} 15.
f3 {[%clk 0:55:52]} Qe7 {[%clk 0:57:35]} 16. fxe4 {[%clk 0:52:33]} dxe4 {[%clk
0:47:57]} 17. h4 {[%clk 0:49:44]} f6 {[%clk 0:47:19]} 18. Nh3 {[%clk 0:49:29]}
Rxh4 {[%clk 0:47:36]} 19. O-O-O {[%clk 0:49:17]} g5 {[%clk 0:33:54]} 20. Be1
{[%clk 0:48:40]} Rh8 {[%clk 0:33:02]} 21. Bg3 {[%clk 0:48:36]} Nh6 {[%clk
0:30:59]} 22. Bxd6 {[%clk 0:48:22]} Qxd6 {[%clk 0:30:55]} 23. Nf2 {[%clk
0:48:33]} Qd5 {[%clk 0:28:05]} 24. Kb1 {[%clk 0:48:04]} Qd7 {[%clk 0:20:33]} 25.
Rhf1 {[%clk 0:44:24]} Nf7 {[%clk 0:19:18]} 26. d5 {[%clk 0:43:06]} Nce5 {[%clk
0:19:13]} 27. Qxe4 {[%clk 0:40:22]} Nd6 {[%clk 0:19:09]} 28. Qd4 {[%clk 0:38:03]}
Kb8 {[%clk 0:18:20]} 29. Nb4 {[%clk 0:33:54]} Qb5 {[%clk 0:16:07]} 30. Ne4 {[%clk
0:32:07]} Nxe4 {[%clk 0:14:13]} 31. Qxe4 {[%clk 0:32:13]} Nc4 {[%clk 0:14:02]}
32. Qg6 {[%clk 0:28:38]} Nxe3 {[%clk 0:13:55]} 33. Rfe1 {[%clk 0:22:27]} Nxd1
{[%clk 0:13:48]} 34. Nc6+ {[%clk 0:22:15]} bxc6 {[%clk 0:14:05]} 35. Rxe8+ {[%clk
0:22:40]} Rxe8 {[%clk 0:14:07]} 36. Qxe8+ {[%clk 0:23:05]} Kb7 {[%clk 0:14:27]}
37. dxc6+ {[%clk 0:23:20]} Qxc6 {[%clk 0:14:41]} 38. Qe2 {[%clk 0:23:40]} Qd5
{[%clk 0:13:25]} 39. c4 {[%clk 0:21:28]} Qd4 {[%clk 0:13:43]} 40. Qf3+ {[%clk
0:18:58]} c6 {[%clk 0:13:11]} 41. Qb3+ {[%clk 0:19:14]} Kc7 {[%clk 0:13:07]} 42.
Qg3+ {[%clk 0:19:31]} Kd7 {[%clk 0:12:54]} 43. Kc2 {[%clk 0:19:16]} Ne3+ {[%clk
0:13:10]} 44. Kc1 {[%clk 0:19:29]} Qd1# {[%clk 0:13:32]} 0-1

[Event "Poznan Chess Festival"]
[Site "chess24.com"]
[Date "2021.08.21"]
[Round "8"]
[White "Swiatek, Mateusz"]
[Black "Nicikowski, Jozef"]
[Result "1/2-1/2"]
[Board "28"]
[WhiteElo "1501"]
[WhiteCountry "POL"]
[WhiteFideId "21837678"]
[WhiteEloChange "-4"]
[BlackElo "1372"]
[BlackCountry "POL"]
[BlackFideId "21816468"]
[BlackEloChange "4"]

1. e4 {[%clk 1:30:30]} d5 {[%clk 1:30:30]} 2. exd5 {[%clk 1:30:30]} Nf6 {[%clk
1:30:30]} 3. Nf3 {[%clk 1:30:30]} Nxd5 {[%clk 1:30:30]} 4. Bc4 {[%clk 1:30:30]}
Nb6 {[%clk 1:30:30]} 5. Bb3 {[%clk 1:30:30]} Bg4 {[%clk 1:30:30]} 6. h3 {[%clk
1:30:30]} Bh5 {[%clk 1:30:30]} 7. Ne5 {[%clk 1:30:30]} Bg6 {[%clk 1:30:30]} 8.
Qf3 {[%clk 1:30:30]} e6 {[%clk 1:30:30]} 9. Qxb7 {[%clk 1:30:30]} Qd4 {[%clk
1:30:30]} 10. Nxg6 {[%clk 1:30:30]} hxg6 {[%clk 1:30:30]} 11. Qf3 {[%clk
1:30:30]} Bd6 {[%clk 1:30:30]} 12. c3 {[%clk 1:30:30]} Qe5+ {[%clk 1:30:30]} 13.
Kd1 {[%clk 1:30:30]} O-O {[%clk 1:30:30]} 14. d4 {[%clk 1:30:30]} Qa5 {[%clk
1:30:30]} 15. Bd2 {[%clk 1:30:30]} Na6 {[%clk 1:30:30]} 16. c4 {[%clk 1:30:30]}
Bb4 {[%clk 1:30:30]} 17. Nc3 {[%clk 1:30:30]} Rad8 {[%clk 1:30:30]} 18. Kc2
{[%clk 1:30:30]} Rxd4 {[%clk 1:30:30]} 19. a3 {[%clk 1:30:30]} Rfd8 {[%clk
1:30:30]} 20. Rhd1 {[%clk 1:30:30]} Be7 {[%clk 1:30:30]} 21. Nd5 {[%clk 1:30:30]}
Rxd2+ {[%clk 1:30:30]} 22. Rxd2 {[%clk 1:30:30]} exd5 {[%clk 1:30:30]} 23. Rad1
{[%clk 1:30:30]} Qc5 {[%clk 1:30:30]} 24. Kb1 {[%clk 1:30:30]} d4 {[%clk
1:30:30]} 25. Qe4 {[%clk 1:30:30]} Bf6 {[%clk 1:30:30]} 26. g4 {[%clk 1:30:30]}
Qd6 {[%clk 1:30:30]} 27. Qf3 {[%clk 1:30:30]} Nc5 {[%clk 1:30:30]} 28. g5 {[%clk
1:30:30]} Nxb3 {[%clk 1:30:30]} 29. Qxb3 {[%clk 1:30:30]} Be5 {[%clk 1:30:30]}
30. f4 {[%clk 1:30:30]} Bxf4 {[%clk 1:30:30]} 31. Rxd4 {[%clk 1:30:30]} Qxd4
{[%clk 1:30:30]} 32. Rxd4 {[%clk 1:30:30]} Rxd4 {[%clk 1:30:30]} 33. c5 {[%clk
1:30:30]} Nc4 {[%clk 1:30:30]} 34. Qb8+ {[%clk 1:30:30]} Kh7 {[%clk 1:30:30]} 35.
b3 {[%clk 1:30:30]} Nd2+ {[%clk 1:30:30]} 36. Kc2 {[%clk 1:30:30]} Ne4 {[%clk
1:30:30]} 37. b4 {[%clk 1:30:30]} Rd2+ {[%clk 1:30:30]} 38. Kb3 {[%clk 1:30:30]}
Rd3+ {[%clk 1:30:30]} 39. Kc4 {[%clk 1:30:30]} Rd1 {[%clk 1:30:30]} 40. Qxa7
{[%clk 1:30:30]} Nxg5 {[%clk 1:30:30]} 41. Qb7 {[%clk 1:30:30]} Ne6 {[%clk
1:30:30]} 42. a4 {[%clk 1:30:30]} Rd4+ {[%clk 1:30:30]} 43. Kb3 {[%clk 1:30:30]}
Bd2 {[%clk 1:30:30]} 44. Qg2 {[%clk 1:30:30]} Bxb4 {[%clk 1:30:30]} 45. Qg1
{[%clk 1:30:30]} Bxc5 {[%clk 1:30:30]} 46. Qg2 {[%clk 1:30:30]} Rb4+ {[%clk
1:30:30]} 47. Kc3 {[%clk 1:30:30]} Rxa4 {[%clk 1:30:30]} 48. h4 {[%clk 1:30:30]}
Rxh4 {[%clk 1:30:30]} 49. Qa8 {[%clk 1:30:30]} Bd6 {[%clk 1:30:30]} 50. Kd3
{[%clk 1:30:30]} Nc5+ {[%clk 1:30:30]} 51. Ke2 {[%clk 1:30:30]} f5 {[%clk
1:30:30]} 52. Kf2 {[%clk 1:30:30]} Ne4+ {[%clk 1:30:30]} 53. Kg1 {[%clk 1:30:30]}
Bc5+ {[%clk 1:30:30]} 54. Kg2 {[%clk 1:30:30]} Rg4+ {[%clk 1:30:30]} 55. Kf1
{[%clk 1:30:30]} Rg1+ {[%clk 1:30:30]} 56. Ke2 {[%clk 1:30:30]} Rg2+ {[%clk
1:30:30]} 57. Ke1 {[%clk 1:30:30]} Rh2 {[%clk 1:30:30]} 58. Kf1 {[%clk 1:30:30]}
Ng3+ {[%clk 1:30:30]} 59. Ke1 {[%clk 1:30:30]} f4 {[%clk 1:30:30]} 60. Kd1 {[%clk
1:30:30]} Be3 {[%clk 1:30:30]} 61. Qf8 {[%clk 1:30:30]} c5 {[%clk 1:30:30]} 62.
Qa8 {[%clk 1:30:30]} Rd2+ {[%clk 1:30:30]} 63. Ke1 {[%clk 1:30:30]} c4 {[%clk
1:30:30]} 64. Qh8+ {[%clk 1:30:30]} Kxh8 {[%clk 1:30:30]} 1/2-1/2

[Event "Poznan Chess Festival"]
[Site "chess24.com"]
[Date "2021.08.21"]
[Round "8"]
[White "Pilny, Piotr"]
[Black "Lesien, Tymoteusz"]
[Result "0-1"]
[Board "29"]
[WhiteElo "1484"]
[WhiteCountry "POL"]
[WhiteFideId "21064334"]
[WhiteEloChange "-15"]
[BlackElo "1307"]
[BlackCountry "POL"]
[BlackFideId "21832676"]
[BlackEloChange "15"]

1. e4 {[%clk 1:30:30]} c5 {[%clk 1:30:30]} 2. Nf3 {[%clk 1:30:30]} Nc6 {[%clk
1:30:30]} 3. d4 {[%clk 1:30:30]} cxd4 {[%clk 1:30:30]} 4. Nxd4 {[%clk 1:30:30]}
g6 {[%clk 1:30:30]} 5. Bc4 {[%clk 1:30:30]} Bg7 {[%clk 1:30:30]} 6. Nxc6 {[%clk
1:30:30]} bxc6 {[%clk 1:30:30]} 7. O-O {[%clk 1:30:30]} d6 {[%clk 1:30:30]} 8.
Re1 {[%clk 1:30:30]} Be6 {[%clk 1:30:30]} 9. Bxe6 {[%clk 1:30:30]} fxe6 {[%clk
1:30:30]} 10. c3 {[%clk 1:30:30]} Qd7 {[%clk 1:30:30]} 11. Qb3 {[%clk 1:30:30]}
Nf6 {[%clk 1:30:30]} 12. f3 {[%clk 1:30:30]} O-O {[%clk 1:30:30]} 13. Be3 {[%clk
1:30:30]} Rfb8 {[%clk 1:30:30]} 14. Qc2 {[%clk 1:30:30]} c5 {[%clk 1:30:30]} 15.
Nd2 {[%clk 1:30:30]} a5 {[%clk 1:30:30]} 16. Rad1 {[%clk 1:30:30]} a4 {[%clk
1:30:30]} 17. Nc4 {[%clk 1:30:30]} Qb5 {[%clk 1:30:30]} 18. Qe2 {[%clk 1:30:30]}
Nd7 {[%clk 1:30:30]} 19. Bc1 {[%clk 1:30:30]} Nb6 {[%clk 1:30:30]} 20. Nxb6
{[%clk 1:30:30]} Rxb6 {[%clk 1:30:30]} 21. Qxb5 {[%clk 1:30:30]} Rxb5 {[%clk
1:30:30]} 22. a3 {[%clk 1:30:30]} Rf8 {[%clk 1:30:30]} 23. Kf1 {[%clk 1:30:30]}
Be5 {[%clk 1:30:30]} 24. Kf2 {[%clk 1:30:30]} Bf4 {[%clk 1:30:30]} 25. Bxf4
{[%clk 1:30:30]} Rxf4 {[%clk 1:30:30]} 26. Ke3 {[%clk 1:30:30]} Rh4 {[%clk
1:30:30]} 27. Re2 {[%clk 1:30:30]} Rxh2 {[%clk 1:30:30]} 28. Kf4 {[%clk 1:30:30]}
Kf7 {[%clk 1:30:30]} 29. Kg3 {[%clk 1:30:30]} Rh5 {[%clk 1:30:30]} 30. c4 {[%clk
1:30:30]} Rb3 {[%clk 1:30:30]} 31. Rc1 {[%clk 1:30:30]} Kf6 {[%clk 1:30:30]} 32.
Rc3 {[%clk 1:30:30]} Rxc3 {[%clk 1:30:30]} 33. bxc3 {[%clk 1:30:30]} Rh1 {[%clk
1:30:30]} 34. e5+ {[%clk 1:30:30]} dxe5 {[%clk 1:30:30]} 35. Rb2 {[%clk 1:30:30]}
Rc1 {[%clk 1:30:30]} 36. Rb5 {[%clk 1:30:30]} Rxc3 {[%clk 1:30:30]} 37. Rxc5
{[%clk 1:30:30]} Rxa3 {[%clk 1:30:30]} 38. Rc8 {[%clk 1:30:30]} Rc3 {[%clk
1:30:30]} 39. c5 {[%clk 1:30:30]} a3 {[%clk 1:30:30]} 40. c6 {[%clk 1:30:30]} a2
{[%clk 1:30:30]} 41. Ra8 {[%clk 1:30:30]} Rxc6 {[%clk 1:30:30]} 42. Rxa2 {[%clk
1:30:30]} Rc3 {[%clk 1:30:30]} 43. Kf2 {[%clk 1:30:30]} h5 {[%clk 1:30:30]} 44.
Ra8 {[%clk 1:30:30]} Rc2+ {[%clk 1:30:30]} 45. Kg3 {[%clk 1:30:30]} h4+ {[%clk
1:30:30]} 46. Kh3 {[%clk 1:30:30]} g5 {[%clk 1:30:30]} 47. g3 {[%clk 1:30:30]}
Rc3 {[%clk 1:30:30]} 48. Kg2 {[%clk 1:30:30]} hxg3 {[%clk 1:30:30]} 49. Kg1
{[%clk 1:30:30]} e4 {[%clk 1:30:30]} 50. fxe4 {[%clk 1:30:30]} Re3 {[%clk
1:30:30]} 51. Ra4 {[%clk 1:30:30]} Ke5 {[%clk 1:30:30]} 52. Kg2 {[%clk 1:30:30]}
Rxe4 {[%clk 1:30:30]} 53. Ra8 {[%clk 1:30:30]} Kf4 {[%clk 1:30:30]} 54. Rf8+
{[%clk 1:30:30]} Kg4 {[%clk 1:30:30]} 55. Rg8 {[%clk 1:30:30]} Re2+ {[%clk
1:30:30]} 56. Kg1 {[%clk 1:30:30]} Kf3 {[%clk 1:30:30]} 57. Rf8+ {[%clk 1:30:30]}
Ke3 {[%clk 1:30:30]} 58. Re8 {[%clk 1:30:30]} g2 {[%clk 1:30:30]} 59. Rxe7 {[%clk
1:30:30]} Kf3 {[%clk 1:30:30]} 60. Rf7+ {[%clk 1:30:30]} Kg3 {[%clk 1:30:30]} 61.
Rf2 {[%clk 1:30:30]} Re1+ {[%clk 1:30:30]} 0-1

[Event "Poznan Chess Festival"]
[Site "chess24.com"]
[Date "2021.08.21"]
[Round "8"]
[White "Pieczewska, Gabriela"]
[Black "Litke, Slawomir"]
[Result "0-1"]
[Board "30"]
[WhiteElo "1169"]
[WhiteCountry "POL"]
[WhiteFideId "1195158"]
[WhiteEloChange "-2"]
[BlackElo "1623"]
[BlackCountry "POL"]
[BlackFideId "21882282"]
[BlackEloChange "2"]

1. c4 {[%clk 1:30:30]} e5 {[%clk 1:30:30]} 2. Nc3 {[%clk 1:30:30]} Nf6 {[%clk
1:30:30]} 3. g3 {[%clk 1:30:30]} h5 {[%clk 1:30:30]} 4. Bg2 {[%clk 1:30:30]} h4
{[%clk 1:30:59]} 5. d3 {[%clk 1:30:30]} hxg3 {[%clk 1:30:59]} 6. fxg3 {[%clk
1:30:30]} Bc5 {[%clk 1:30:59]} 7. h3 {[%clk 1:30:30]} Nh5 {[%clk 1:30:59]} 8. Ne4
{[%clk 1:30:30]} Bb4+ {[%clk 1:30:59]} 9. Bd2 {[%clk 1:30:30]} Bxd2+ {[%clk
1:30:59]} 10. Qxd2 {[%clk 1:30:30]} f5 {[%clk 1:30:59]} 11. Nf2 {[%clk 1:30:30]}
Nxg3 {[%clk 1:30:59]} 12. Rh2 {[%clk 1:30:30]} d6 {[%clk 1:30:59]} 13. O-O-O
{[%clk 1:30:30]} Nc6 {[%clk 1:30:59]} 14. e3 {[%clk 1:30:30]} Bd7 {[%clk
1:30:59]} 15. Ne2 {[%clk 1:30:30]} Nxe2+ {[%clk 1:30:59]} 16. Qxe2 {[%clk
1:30:30]} Qe7 {[%clk 1:30:59]} 17. Re1 {[%clk 1:30:30]} O-O-O {[%clk 1:30:59]}
18. Nd1 {[%clk 1:30:30]} g5 {[%clk 1:30:59]} 19. Rhh1 {[%clk 1:30:30]} f4 {[%clk
1:30:59]} 20. exf4 {[%clk 1:30:30]} gxf4 {[%clk 1:30:59]} 21. Be4 {[%clk
1:30:30]} Nd4 {[%clk 1:30:59]} 22. Qd2 {[%clk 1:30:30]} Bf5 {[%clk 1:30:59]} 23.
Nc3 {[%clk 1:30:30]} Bxe4 {[%clk 1:30:59]} 24. Nxe4 {[%clk 1:30:30]} Nf3 {[%clk
1:30:59]} 25. Qa5 {[%clk 1:30:30]} Nxe1 {[%clk 1:30:59]} 26. Rxe1 {[%clk
1:30:30]} Kb8 {[%clk 1:30:59]} 27. Rh1 {[%clk 1:30:30]} Qg7 {[%clk 1:30:59]} 28.
Nc3 {[%clk 1:30:30]} f3 {[%clk 1:30:59]} 29. Rf1 {[%clk 1:30:30]} f2 {[%clk
1:30:59]} 30. Rxf2 {[%clk 1:30:30]} Qg1+ {[%clk 1:30:59]} 31. Nd1 {[%clk
1:30:30]} Rxh3 {[%clk 1:30:59]} 32. Rf7 {[%clk 1:30:30]} b6 {[%clk 1:30:59]} 33.
Qa4 {[%clk 1:30:30]} Rxd3 {[%clk 1:30:59]} 0-1